000 00769nam a22002297a 4500
005 20170124110008.0
010 _a501194
020 _c00.00
_a71004223X
035 _a501194
037 _bCen Lib/Ret
040 _aDPL
_bEN
082 _a372.01
_bDEA
100 _aDearden, R.F.
_917337
245 _aThe philosophy of primary education :
_cby R.F. Dearden
_ban introduction /
260 _aLondon
_bRoutledge & Kengan Paul
_c1968
270 _aBraodway House, 68-74 Carter Lane
_bLondon
_eE.C.4
300 _axi,194p.
_c21cm(Hb)
500 _a Includes bibliographical references and index.
650 _aEducation, Elementary--Curricula
_99013
650 _aEducation, Elementary--Aims and objectives
_917338
942 _2ddc
_cEN
_h372.01
_mDEA
999 _c126362
_d126362